| 000 | 00393 a2200145 4500 | ||
|---|---|---|---|
| 020 | _a0006478700 | ||
| 040 |
_aDLC _bDLC |
||
| 082 | _a823.914 | ||
| 100 | 1 | _aArcher, Jeffrey, | |
| 245 | 1 | 2 |
_aAs the crow flies _cJeffrey Archer |
| 260 |
_aLondon : _bHarperCollins, _c1997. |
||
| 300 |
_a736 p. _c22 cm. |
||
| 650 | 0 | _a1.Historical Fiction. 2.London (England)--Fiction. | |
| 942 |
_cBK _k823.914 ARC _2ddc |
||
| 999 |
_c5047 _d5047 |
||